| 000 | 00672nam a2200229Ia 4500 | ||
|---|---|---|---|
| 001 | 976 | ||
| 003 | GE_BSU | ||
| 008 | 181216s||||||||xx |||||||||||||| ||und|| | ||
| 020 | _a9785160042411 | ||
| 040 | _cGE_BSU | ||
| 080 | _a338.24(075.) | ||
| 100 | _aЛогунов,А.Б. | ||
| 245 | _aРегиональная и национальная безопасность | ||
| 245 | _bУчебное пособие | ||
| 260 | _aМосква | ||
| 260 | _bВузовский уч-к ИНФРА-М | ||
| 260 | _c2011 | ||
| 300 | _a448стр. | ||
| 541 | _h50л. | ||
| 653 | _aРегиональная и национальная безопасность | ||
| 942 | _cBK | ||
| 999 |
_c35134 _d35134 |
||